Geometría : con aplicaciones y solucion de problemas /
Guardado en:
| Autor Principal: | |
|---|---|
| Otros Autores: | , |
| Formato: | Libro |
| Publicado: |
México :
Addison Wesley Longman,
1998
|
| Materias: | |
| Etiquetas: |
Agregar Etiqueta
Sin Etiquetas, Sea el primero en etiquetar este registro!
|
| LEADER | 01066nam a22002295a 4500 | ||
|---|---|---|---|
| 001 | CEM.cems009867 | ||
| 005 | 20080704121342.0 | ||
| 008 | 130507s1998##################000#0#####d | ||
| 003 | CEMS | ||
| 020 | |a 9684443064 | ||
| 082 | 0 | 4 | |a 513 |
| 100 | 1 | |a Clemens, Stanley R. | |
| 245 | 1 | 0 | |a Geometría : |b con aplicaciones y solucion de problemas / |c Stanley R. Clemens, Phares G. O'daffer |
| 260 | |a México : |b Addison Wesley Longman, |c 1998 | ||
| 300 | |a 600 p. | ||
| 500 | |a Red Federal de Formación Docente Continua | ||
| 505 | 0 | |a Definiciones y construcciones -- Razonamientos en geometría -- Triángulos y congruencias -- Prueba de teoremas mediante propiedades básicas -- Rectas y planos paralelos -- Triángulos -- Más sobre triángulos -- Cuadrilateros y polígonos -- Semejanza -- Círculos -- Area y perímetro -- Sólidos -- Transformaciones y simetría -- Geometría de coordenadas | |
| 653 | |a Geometría | ||
| 653 | |a Matemáticas | ||
| 700 | 1 | |a O'daffer Phares, G. | |
| 700 | 1 | |a Cooney, Thomas J. | |
| 859 | |a CEMS |b BIB. CEMS - 11 de abril |h 513 |i C451 |p 20224.99 |t Ej.1 | ||
